[Event "AUT-chT"]
[Site "Austria"]
[Date "1990.??.??"]
[Round "?"]
[White "Fauland, Alexander"]
[Black "Felsberger, Alfred"]
[Result "1-0"]
[WhiteElo "2480"]
[BlackElo "2315"]

1.c4 e5 2.g3 Nf6 3.Bg2 d5 4.cxd5 Nxd5 5.Nf3 Nc6 6.O-O Be7 7.d4 exd4 8.Nxd4 Nxd4
9.Qxd4 Nf6 10.Qa4+ c6 11.Rd1 Bd7 12.Nc3 Qc8 13.Bg5 Bf5 14.Rac1 O-O 15.b4 a6
16.Qa5 Rd8 17.e4 Bg4 18.f3 Be6 19.e5 Nd5 20.Bxe7 Nxe7 21.f4 h5 22.Qb6 Rd7
23.Rxd7 Qxd7 24.Rd1 Nd5 25.Nxd5 Bxd5 26.Bxd5 cxd5 27.Qd6 Qg4 28.Qxd5 Re8
29.Qd7 Re6 30.Rd2 h4 31.Qd8+ Kh7 32.Qxh4+ Qxh4 33.gxh4 Kg6 34.Rd7 b5 35.Kf2 Rc6
36.Rd6+ Rxd6 37.exd6 Kf6 38.f5  1-0

[Event "Badenweiler op"]
[Site "Badenweiler"]
[Date "1990.??.??"]
[Round "6"]
[White "Zaichik, Gennadi"]
[Black "Hertneck, Gerald"]
[Result "1/2-1/2"]
[WhiteElo "2455"]
[BlackElo "2520"]

1.c4 e5 2.g3 Nc6 3.Bg2 g6 4.Nc3 Bg7 5.Rb1 a5 6.a3 d6 7.b4 axb4 8.axb4 f5
9.b5 Nce7 10.d3 h6 11.e4 Nf6 12.Nge2 O-O 13.exf5 gxf5 14.O-O c6 15.bxc6 bxc6
16.Bb2 Be6 17.Qd2 d5 18.cxd5 cxd5 19.Nb5 Ng6 20.Rfc1 Rf7 21.Rc6 Bd7 22.Rd6 Qf8
23.Nc7 Ra7 24.Rxf6 Rxf6 25.Nxd5 Rd6 26.Bc3 Qf7 27.Ne3 Ra2 28.Qd1 Be6 29.Nc1 Ra7
30.Bb4 Rb6 31.Nc4 Rb8 32.Qc2 Bxc4 33.dxc4 e4 34.Bf1 Rab7 35.Na2 Ne5 36.c5 Kh7
37.h4 Nf3+ 38.Kh1 Nd4 39.Qc4 Qxc4 40.Bxc4 Nc6 41.Bd5 Rxb4 42.Nxb4 Rxb4 43.Rc1 Bb2
44.Rc2 Nd4 45.c6 Nxc6 46.Bxc6 Kg7 47.Bd7 f4 48.gxf4 Bf6 49.h5 Rb2 50.Rxb2 Bxb2  1/2-1/2

[Event "Belgorod"]
[Site "Belgorod"]
[Date "1990.??.??"]
[Round "?"]
[White "Sher, Miron N"]
[Black "Laketic, Gojko"]
[Result "1/2-1/2"]
[WhiteElo "2500"]
[BlackElo "2425"]

1.c4 e5 2.g3 Nf6 3.Bg2 c6 4.d4 Bb4+ 5.Bd2 Bxd2+ 6.Qxd2 d6 7.Nc3 O-O 8.e3 Qe7
9.Nge2 Re8 10.O-O e4 11.h3 h5 12.Rae1 Bf5 13.Qd1 Nbd7 14.Nf4 g6  1/2-1/2

[Event "Belgorod"]
[Site "Belgorod"]
[Date "1990.??.??"]
[Round "?"]
[White "Sher, Miron N"]
[Black "Moskalenko, Viktor"]
[Result "1-0"]
[WhiteElo "2500"]
[BlackElo "2525"]

1.c4 e5 2.g3 Nc6 3.Bg2 g6 4.Nc3 Bg7 5.Rb1 d6 6.b4 f5 7.b5 Nce7 8.d3 Nf6 9.e4 O-O
10.Nge2 Nh5 11.exf5 gxf5 12.Nd5 Nxd5 13.Bxd5+ Kh8 14.Bg2 a6 15.a4 axb5 16.axb5 Qe8
17.O-O f4 18.Nc3 Qf7 19.Ne4 Qg6 20.b6 fxg3 21.fxg3 Bg4 22.Rxf8+ Bxf8 23.Qe1 c6
24.Bb2 Ng7 25.Ra1 Rb8 26.Nf2 Bf5 27.Qe3 Qe8 28.Ra7 Qd7 29.g4 Bg6 30.d4 exd4
31.Qxd4 Kg8 32.Bc3 Ne6 33.Qh8+ Kf7 34.Qf6+ Kg8 35.Ne4 Bg7 36.Qxg7+ Qxg7 37.Bxg7 Bxe4
38.Bxe4 Kxg7 39.Bxc6  1-0

[Event "Belgorod"]
[Site "Belgorod"]
[Date "1990.??.??"]
[Round "?"]
[White "Zilberman, Nathan R"]
[Black "Moskalenko, Viktor"]
[Result "1/2-1/2"]
[WhiteElo "2455"]
[BlackElo "2525"]

1.c4 e5 2.g3 Nc6 3.Bg2 g6 4.Nc3 Bg7 5.Rb1 f5 6.d3 Nf6 7.b4 O-O 8.b5 Ne7 9.Nf3 d6
10.O-O h6 11.a4 Be6 12.Ba3 Qd7 13.a5 b6 14.Ne1 Rae8 15.Nc2 f4 16.Nb4 Bh3
17.axb6 axb6 18.Ne4 h5 19.Qb3 Nxe4 20.Bxh3 Qxh3 21.dxe4 Kh7 22.Kh1 Bh6 23.gxf4 Qg4
24.f3 Qh4 25.Nd3 Bxf4 26.Nxf4 Qxf4 27.Bc1 Qf7 28.Ra1 Ng8 29.Bg5 Nf6 30.Qd3 Nd7
31.Ra7 Nc5 32.Qd5 Ne6 33.Rg1 Nxg5 34.Rxg5 Re7 35.Ra1 Qxd5 36.cxd5 Kh6 37.Rgg1 g5
38.h3 Rg7 39.Ra7 g4 40.hxg4 hxg4 41.Rxg4 Rxg4 42.fxg4 Kg5 43.Rxc7 Kxg4 44.Kg2 Kf4
45.Rc4 Ke3 46.Kg3 Kxe2 47.Rc6 Ke3 48.Rxd6 Rg8+ 49.Kh3 Kxe4 50.Rxb6 Kxd5 51.Rb7 Kd6
52.b6 e4 53.Ra7 e3 54.b7 Rb8  1/2-1/2

[Event "Bern op"]
[Site "Bern"]
[Date "1990.??.??"]
[Round "7"]
[White "Gavrikov, Viktor"]
[Black "Nikolaev, Sergej"]
[Result "1-0"]
[WhiteElo "2580"]
[BlackElo "2335"]

1.c4 e5 2.g3 Nc6 3.Bg2 g6 4.Nc3 Bg7 5.Rb1 a5 6.a3 f5 7.d3 Nf6 8.e3 O-O 9.Nge2 g5
10.f4 exf4 11.exf4 g4 12.d4 Ne7 13.d5 Ne8 14.Be3 Ra6 15.O-O h5 16.b4 axb4
17.axb4 Rh6 18.Ra1 h4 19.Ra8 Nf6 20.Qd3 Qe8 21.Nd4 Qh5 22.Kf2 d6 23.Rg1 Qg6
24.Re1 hxg3+ 25.hxg3 Rh2 26.Kf1 Ne4 27.Bg1 Rxg2 28.Kxg2 Qh7 29.Kf1 Qh3+ 30.Ke2 Nxg3+
31.Kd1 Ng6 32.Nce2 Ne4 33.Qxh3 gxh3 34.Ra3 Bd7 35.Kc2 c5 36.dxc6 bxc6 37.Rxh3 c5
38.bxc5 dxc5 39.Nb3 Ra8 40.Nxc5 Ra2+ 41.Kb3 Rb2+ 42.Ka3 Bc6 43.Nxe4 Bxe4
44.Rg3 Kf7 45.Nc3 Bxc3 46.Rxc3 Rc2 47.Rxc2 Bxc2 48.Be3 Be4 49.Kb4 Ke7  1-0

[Event "Biel op"]
[Site "Biel"]
[Date "1990.??.??"]
[Round "1"]
[White "Sher, Miron N"]
[Black "Willemsen, Jos"]
[Result "1-0"]
[WhiteElo "2485"]
[BlackElo "2275"]

1.c4 e5 2.g3 c6 3.d4 exd4 4.Qxd4 d5 5.Nf3 dxc4 6.Qxc4 Nf6 7.Bg2 Be7 8.O-O O-O
9.e4 Na6 10.Nc3 Qa5 11.Bf4 Be6 12.Qe2 Rad8 13.h3 Nc5 14.Ng5 h6 15.Nxe6 Nxe6
16.Be3 Nd4 17.Qd1 Nf5 18.Bd2 Qb6 19.Na4 Qd4 20.Ba5 Qxd1 21.Rfxd1 Rd4 22.b3 Bd8
23.Bc3 Rxd1+ 24.Rxd1 Ne7 25.Nc5 Bb6 26.Nxb7 Rb8 27.Na5 Rd8 28.Rxd8+ Bxd8
29.Nc4 Nc8 30.Kf1 Kf8 31.Ke2 Ke8 32.Kd3 Ke7 33.Ne5  1-0

[Event "Biel op"]
[Site "Biel"]
[Date "1990.??.??"]
[Round "2"]
[White "Beim, Valery"]
[Black "Libeau, Rene"]
[Result "1/2-1/2"]
[WhiteElo "2480"]
[BlackElo "2340"]

1.c4 e5 2.g3 Nc6 3.Bg2 g6 4.Nc3 Bg7 5.d3 d6 6.Nf3 Nf6 7.O-O O-O 8.Rb1 a5
9.a3 h6 10.b4 axb4 11.axb4 Be6 12.b5 Ne7 13.Ne1 d5 14.cxd5 Nexd5 15.Bd2 Nxc3
16.Bxc3 Nd5 17.Bb2 Ra5 18.Nf3 f6 19.Qd2 Ra8 20.e4 Nb6 21.Bc3 Qd7 22.Rfd1 Rfd8
23.Ba5 Qf7 24.Bxb6 cxb6 25.Qe3 Ra3 26.Qxb6 Rdxd3 27.Nh4 Qd7 28.Bf3 Bf7 29.Be2 Rd2
30.Nf3 Qe6 31.Qxe6 Rxd1+ 32.Rxd1 Bxe6 33.Rd8+ Bf8 34.Kg2 Ra2 35.Ng1 Rc2  1/2-1/2

[Event "Bielsko Biala op"]
[Site "Bielsko Biala"]
[Date "1990.??.??"]
[Round "4"]
[White "Rotstein, Arkadij"]
[Black "Kislov, Mikhail"]
[Result "0-1"]
[WhiteElo "2345"]
[BlackElo "2425"]

1.c4 e5 2.g3 f5 3.Bg2 Nf6 4.Nc3 g6 5.d4 exd4 6.Qxd4 Nc6 7.Qe3+ Kf7 8.Nf3 Bb4
9.O-O Re8 10.Qh6 Kg8 11.Ng5 Re7 12.Nd5 Rg7 13.Nxb4 Nxb4 14.Qh4 Qe7 15.Bd2 Nc6
16.Bc3 Ne5 17.Qd4 d6 18.f4 c5 19.Qd2 Neg4 20.h3 h6 21.Bd5+ Kf8 22.Nf3 Nxd5
23.Bxg7+ Kxg7 24.cxd5 Nf6 25.b4 b6 26.bxc5 bxc5 27.Qb2 Bb7 28.Rfd1 Re8 29.Rd3 Ba6
30.Ra3 Bc4 31.g4 fxg4 32.hxg4 Kh7 33.g5 Nxd5 34.gxh6 Nxf4 35.e3 Ne6 36.Rd1 Rf8
37.Qg2 Rf5 38.Rd2 Ng5 39.Rf2 Bd5 40.e4 Nxe4 41.Re2 Bc6 42.Nd2 d5 43.Nxe4 dxe4
44.Rg3 Qf6 45.Ree3 Qd4 46.Qe2 c4 47.Qe1 Qb2 48.Rg2 Qf6 49.Qg3 Rf1+ 50.Kh2 Rf3
51.Qc7+ Kxh6 52.Qxa7 Qf4+ 53.Rg3 Qxg3+  0-1

[Event "Bordeaux"]
[Site "Bordeaux"]
[Date "1990.??.??"]
[Round "6"]
[White "Gomez Esteban, Juan Mario"]
[Black "Stromer, Alexander"]
[Result "1-0"]
[WhiteElo "2400"]
[BlackElo "2300"]

1.c4 e5 2.g3 Nf6 3.Bg2 c6 4.d4 Bb4+ 5.Nc3 Qa5 6.dxe5 Bxc3+ 7.bxc3 Qxc3+ 8.Bd2 Qxe5
9.Nf3 Qe7 10.O-O O-O 11.Nd4 d5 12.cxd5 Nxd5 13.e4 Nc7 14.Bc3 Qa3 15.Qc2 Nba6
16.Rab1 Qc5 17.Qb2 Rd8 18.Rfc1 Qf8 19.Nf5 f6 20.a4 Bxf5 21.exf5 Rab8 22.Bd4 c5
23.Be3 b6 24.Bf4 Rd4 25.a5 Kh8 26.Qa3 b5 27.Bxc7 Nxc7 28.Rxc5 Rc4 29.Rc1 Re8
30.R1xc4 bxc4 31.Bb7 h6 32.Qb4 Re5 33.Rxc4 Qxb4 34.Rxb4 Rxa5 35.Rc4 Nb5 36.Rc5 Ra1+
37.Kg2 Nd6 38.Bf3 a5 39.Rd5 Nf7 40.Bh5 Kg8 41.Rd7 Nh8 42.Ra7 Kh7 43.h4 Re1
44.Rxa5 Re7 45.Ra6 g6 46.fxg6+ Kg7 47.Ra4 Rc7 48.Kf3 Re7 49.Rd4 Ra7 50.Ke3 Re7+
51.Kd3 Rc7 52.Rc4 Rd7+ 53.Kc3 Ra7 54.Rd4 Rc7+ 55.Kb4 Re7 56.Kc4 Kf8 57.f4 f5
58.Rd6 Kg7 59.Kd5 Ra7 60.Ke5 Re7+ 61.Kxf5  1-0

[Event "CSR-ch"]
[Site "Brno"]
[Date "1990.??.??"]
[Round "12"]
[White "Augustin, Josef"]
[Black "David, Pavel"]
[Result "1/2-1/2"]
[WhiteElo "2385"]
[BlackElo "2440"]

1.g3 e5 2.c4 Nf6 3.Bg2 d5 4.cxd5 Nxd5 5.Nf3 Nc6 6.d3 Be7 7.O-O O-O 8.a3 a5
9.Bd2 a4 10.Nc3 Nb6 11.Be3 Be6 12.Bxb6 Bb3 13.Bxc7 Qxc7 14.Qe1 Rfd8 15.Ne4  1/2-1/2

[Event "Noviki-A"]
[Site "Budapest"]
[Date "1990.??.??"]
[Round "1"]
[White "Csom, Istvan"]
[Black "Mainka, Romuald"]
[Result "1-0"]
[WhiteElo "2505"]
[BlackElo "2445"]

1.c4 e5 2.g3 Nf6 3.Bg2 d5 4.cxd5 Nxd5 5.Nc3 Nb6 6.d3 Be7 7.a3 O-O 8.Nf3 Nc6
9.b4 Be6 10.Rb1 f6 11.O-O a5 12.bxa5 Rxa5 13.Nb5 Qd7 14.Be3 Nd5 15.Bd2 Ra6
16.Qc2 Nb6 17.Be3 Bxa3 18.Nxa3 Rxa3 19.Bxb6 cxb6 20.Rxb6 Rfa8 21.Rfb1 Ra2
22.Qd1 R8a7 23.Nd2 Qc7 24.h3 R2a6 25.R6b2 Ra2 26.Rb6 R2a6 27.R6b2 Ra2 28.Ne4 Rxb2
29.Rxb2 Ra2 30.Rb1 Qe7 31.Nc3 Ra5 32.Qd2 Ra3 33.Kh2 Rb3 34.Rxb3 Bxb3 35.Qb2 Be6
36.Na4 Bc8 37.Qb6 Nd4 38.e3 Ne6 39.d4 exd4 40.exd4 Qd7 41.d5 Qxa4 42.dxe6 Qe8
43.Bd5 Qe7 44.Qd8+  1-0

[Event "Spring op"]
[Site "Budapest"]
[Date "1990.??.??"]
[Round "3"]
[White "Weyrich, Morten"]
[Black "Biro, Sandor"]
[Result "1/2-1/2"]
[WhiteElo "2280"]
[BlackElo "2435"]

1.c4 e5 2.g3 Nf6 3.Bg2 d5 4.cxd5 Nxd5 5.Nc3 Nb6 6.Nf3 Nc6 7.O-O Be7 8.a4 a5
9.d3 O-O 10.Be3 f5 11.Qb3+ Kh8 12.Nb5 f4 13.Bd2 Bg4 14.Bc3 fxg3 15.fxg3 Bc5+
16.Kh1 Qe7 17.Bd2 h6 18.Rac1 Rac8 19.Nh4 Rxf1+ 20.Rxf1 Qe6 21.Qxe6 Bxe6 22.Nc3 Kg8
23.Ng6 Re8 24.h4 Bb3 25.h5 Bb4 26.Be3 Nd4 27.Bxb7 Bxc3 28.bxc3 Nxe2 29.Kh2 Nd5
30.Bxd5+ Bxd5 31.Bd2 e4 32.c4 Bf7 33.dxe4 Rxe4 34.Bxa5 Bxg6 35.hxg6 Rxc4
36.Rf7 Rxa4 37.Bxc7 Nd4 38.Re7 Ra8 39.g4 Nc6 40.Re6 Nd4 41.Re7 Nc6  1/2-1/2

[Event "Budapest Noviki-C"]
[Site "Budapest"]
[Date "1990.??.??"]
[Round "4"]
[White "Casagrande, Harald"]
[Black "Szilagyi, Peter"]
[Result "1-0"]
[WhiteElo "2390"]
[BlackElo "2395"]

1.c4 e5 2.g3 c6 3.d4 e4 4.Nc3 f5 5.h4 Na6 6.Nh3 Bb4 7.Qb3 Qf6 8.Be3 Qf7 9.d5 cxd5
10.cxd5 Nf6 11.Rd1 b6 12.Ng5 Qf8 13.a3 Bc5 14.Nb5 Ng4 15.Bxc5 Qxc5 16.e3 h6
17.Nh3 O-O 18.Be2 Rf6 19.d6+ Kh8 20.O-O Qe5 21.h5 Nc5 22.Qc2 Nxe3 23.Qd2 Nxf1
24.Bxf1 Bb7 25.Nf4 e3 26.fxe3 Re8 27.Kh2 Qxe3 28.Ng6+ Kh7 29.Qxe3 Rxe3 30.Nxa7 Ne4
31.Rc1 Nxg3 32.Bc4 Nxh5 33.Ne7 Nf4 34.Bg8+ Kh8 35.Rc7 Rxd6  1-0

[Event "Noviki-A"]
[Site "Budapest"]
[Date "1990.??.??"]
[Round "8"]
[White "Fauland, Alexander"]
[Black "Marinelli, Tullio"]
[Result "1-0"]
[WhiteElo "2480"]
[BlackElo "2400"]

1.c4 e5 2.g3 Nf6 3.Bg2 d5 4.cxd5 Nxd5 5.Nf3 Nc6 6.O-O Be7 7.d4 exd4 8.Nxd4 Nxd4
9.Qxd4 Nf6 10.Qa4+ Qd7 11.Qb3 c6 12.Nc3 O-O 13.e4 Qe6 14.Qc2 Rd8 15.h3 Qc4
16.Be3 Be6 17.b3 Qd3 18.Qb2 Bb4 19.Rac1 Rd7 20.a3 Be7 21.b4 Qa6 22.Rfe1 Bc4
23.Ne2 Bd3 24.Nf4 Bxe4 25.Bxe4 Nxe4 26.Bd4 f5 27.Qb3+ Kh8 28.Bxg7+ Kxg7 29.Qe6 Nf6
30.Nh5+ Kg6 31.Nxf6 Rd6 32.Qxe7 Rxf6 33.h4 Raf8 34.h5+ Kxh5 35.Qxh7+ Rh6
36.Qg7 Rff6 37.Kg2 Rfg6 38.Rh1+ Kg5 39.f4+  1-0

[Event "Budapest"]
[Site "Budapest"]
[Date "1990.??.??"]
[Round "9"]
[White "Forintos, Gyozo V"]
[Black "Lutz, Christopher"]
[Result "0-1"]
[WhiteElo "2345"]
[BlackElo "2420"]

1.c4 e5 2.g3 Nf6 3.Bg2 d5 4.cxd5 Nxd5 5.Qb3 Nb6 6.Qb5+ N8d7 7.Nc3 c6 8.Qb3 Be7
9.Nf3 O-O 10.O-O Nc5 11.Qc2 f6 12.Rd1 Ne6 13.e3 Bd7 14.Ne2 Qc8 15.b3 c5 16.Ba3 Qe8
17.Nh4 Bb5 18.Nc3 Bc6 19.Bxc6 Qxc6 20.Nf5 Rfe8 21.Qe4 Rac8 22.Rac1 Bf8 23.Qg4 g6
24.Ne4 Ng5 25.Nfd6 Nxe4 26.Nxe8 Rxe8 27.h4 f5 28.Qf3 Nd5 29.Bb2 Nb4 30.d3 Nf6
31.Qe2 Nxa2 32.Ra1 Nb4 33.Rxa7 Na6 34.f4 exf4 35.Bxf6 Qxf6 36.Qg2 Rxe3 37.Qxb7 Re7
38.Qxa6 Qd4+ 39.Kf1 fxg3 40.Rd2 Qf4+ 41.Kg1 Re1+  0-1

[Event "Buenos Aires"]
[Site "Buenos Aires"]
[Date "1990.??.??"]
[Round "1"]
[White "Quinteros, Miguel A"]
[Black "Paglilla, Carlos"]
[Result "1-0"]
[WhiteElo "2500"]
[BlackElo "2405"]

1.c4 e5 2.g3 Nf6 3.Bg2 d5 4.cxd5 Nxd5 5.Nc3 Be6 6.Nf3 Nc6 7.O-O Be7 8.d3 O-O
9.Bd2 f5 10.Qc1 Qd6 11.a3 Bf6 12.b4 a6 13.Rb1 Kh8 14.Rd1 Nb6 15.e4 f4 16.gxf4 Bg4
17.Be3 Bxf3 18.Bxf3 exf4 19.Bc5 Qe5 20.d4 Qg5+ 21.Kh1 Qh4 22.Bxf8 Nxd4 23.Rd3 Rxf8
24.Ne2 Nxe2 25.Bxe2 Qxf2 26.Qc5 Qxc5 27.bxc5 Nc4 28.Rxb7 Ne5 29.Rdb3 Nc6
30.Bxa6 Bd8 31.Rd3 f3 32.Rd5 Bf6 33.Rxc7 Ne5 34.Rc8 Kg8 35.Rxf8+ Kxf8 36.h3 Ke7
37.Bb5 Ke6 38.Kg1 Bh4 39.a4 g5 40.c6 g4 41.c7 g3 42.c8=Q+ Kf6 43.Qf5+  1-0

[Event "Buenos Aires"]
[Site "Buenos Aires"]
[Date "1990.??.??"]
[Round "2"]
[White "Sunye Neto, Jaime"]
[Black "Campora, Daniel H"]
[Result "1/2-1/2"]
[WhiteElo "2470"]
[BlackElo "2520"]

1.c4 e5 2.g3 f5 3.Bg2 Nf6 4.Nc3 d6 5.d4 Nbd7 6.Nf3 c6 7.O-O e4 8.Ng5 Nb6
9.b3 h6 10.Nh3 d5 11.c5 Nbd7 12.Nf4 Kf7 13.f3 g5 14.fxe4 Nxe4 15.Nxe4 dxe4
16.Nh5 Nf6 17.Nxf6 Qxf6 18.Bxe4 Bg7 19.e3 Re8 20.Bd3 Kg8 21.Qf3 Rf8 22.Bb2 Be6
23.g4 f4 24.Qe4 Rf7 25.d5 Qxb2 26.dxe6 Re7 27.Rae1 Bf6 28.exf4 Qd4+ 29.Kh1 Qxe4+
30.Rxe4 Rd8 31.Bc4 Kg7 32.fxg5 hxg5 33.Re2 Rf8 34.Ref2 Ree8 35.Rf5 Kg6 36.Kg2 Rd8
37.R1f2 Be7 38.Rxf8 Rxf8 39.b4 Rxf2+ 40.Kxf2 b6 41.cxb6 axb6 42.b5 cxb5 43.Bxb5 Kf6
44.Bc4 Bd6 45.h3 b5 46.Bxb5 Kxe6 47.a4 Be7 48.a5 Kd6 49.Ke3 Kc5 50.Bf1 Bd8
51.a6 Kb6 52.Ke4 Bf6 53.Kf5 Bd8 54.Ke6 Ka7 55.Kd7  1/2-1/2

[Event "Buenos Aires op"]
[Site "Buenos Aires"]
[Date "1990.??.??"]
[Round "8"]
[White "Giardelli, Sergio C"]
[Black "Fiorito, Fabian"]
[Result "0-1"]
[WhiteElo "2450"]
[BlackElo "2350"]

1.g3 e5 2.c4 Nf6 3.Bg2 g6 4.d4 d6 5.Nc3 c6 6.b3 Qe7 7.e3 Bg7 8.Nge2 O-O 9.h3 h5
10.Bb2 Re8 11.b4 a6 12.d5 cxd5 13.Nxd5 Nxd5 14.cxd5 Nd7 15.O-O Nb6 16.Qb3 Bd7
17.a4 Rac8 18.b5 axb5 19.axb5 Rc5 20.Nc3 Rec8 21.Rfc1 e4 22.Ra7 Nc4 23.Ba1 Nxe3
24.fxe3 Qg5 25.Nxe4 Rxc1+ 26.Kh2 Qf5 27.Bxg7 R8c2 28.Qd3 Qxh3+  0-1

[Event "Cannes op"]
[Site "Cannes"]
[Date "1990.??.??"]
[Round "4"]
[White "Gentilleau, Jean Philippe"]
[Black "Manolov, Ivan"]
[Result "1/2-1/2"]
[WhiteElo "2020"]
[BlackElo "2380"]

1.c4 e5 2.g3 Nf6 3.Bg2 d5 4.cxd5 Nxd5 5.Nc3 Ne7 6.Nf3 Nbc6 7.O-O g6 8.d3 Bg7
9.Bd2 O-O 10.Rc1 h6 11.a3 a5 12.Nb5 Be6 13.b4 axb4 14.axb4 Nd5 15.e4 Nde7
16.Be3 f5 17.Bc5 Rf7 18.d4 fxe4 19.Nxe5 Nxe5 20.dxe5 Bxe5 21.Bxe4 c6 22.Nd6 Bxd6
23.Qxd6 Qxd6 24.Bxd6 Nf5 25.Bc5 Bd5 26.Rfe1 Bxe4 27.Rxe4 Rd8 28.Rce1 Rfd7
29.h4 h5 30.Kg2 Kf7 31.Bb6 Ra8 32.R1e2 Re7 33.Bc5 Rxe4 34.Rxe4 Ra6 35.f3 b6
36.Bf2 Ne7 37.g4 Nd5 38.Rc4 b5 39.Re4 Ra2 40.Kg3 Rc2 41.Bc5 Rc4 42.gxh5 gxh5
43.Re5 Nxb4 44.Bxb4 Rxb4 45.Rxh5 Rc4 46.Kf2 b4 47.Ke2 b3 48.Rh7+ Kg6 49.Rb7 Rc3
50.Kd2 Rxf3 51.Rb6 Rf2+ 52.Kc3  1/2-1/2

[Event "Cannes op"]
[Site "Cannes"]
[Date "1990.??.??"]
[Round "7"]
[White "Dorfman, Josif D"]
[Black "Groszpeter, Attila"]
[Result "1/2-1/2"]
[WhiteElo "2595"]
[BlackElo "2545"]

1.c4 e5 2.g3 Nf6 3.Bg2 c6 4.d4 exd4 5.Qxd4 d5 6.Nf3 Be6 7.cxd5 cxd5 8.O-O Nc6
9.Qa4 Bc5 10.Nbd2 O-O 11.Nb3 Bb6 12.Nbd4  1/2-1/2

[Event "Cannes op"]
[Site "Cannes"]
[Date "1990.??.??"]
[Round "7"]
[White "Poulenard, Raphael"]
[Black "Fievet, Patrick"]
[Result "1-0"]
[WhiteElo "2350"]
[BlackElo "2090"]

1.c4 e5 2.g3 Nf6 3.Bg2 c6 4.d4 e4 5.Nc3 Bb4 6.f3 Bxc3+ 7.bxc3 d5 8.Ba3 Nbd7
9.cxd5 cxd5 10.Qc2 exf3 11.Nxf3 Nb6 12.Nd2 Be6 13.O-O Qc7 14.e4 O-O-O 15.e5 Ne8
16.Bc5 Kb8 17.a4 Nd7 18.Ba3 Nb6 19.Rfb1 Rc8 20.a5 Nc4 21.Nxc4 Qxc4 22.Bc5 Rxc5
23.dxc5 Qxc5+ 24.Kh1 h5 25.Qd3 Nc7 26.Rb4 Bc8 27.Qd4 Qe7 28.Rab1 Rd8 29.Qh4 g5
30.Qxh5 Qxe5 31.c4 f6 32.Qf7 Rd7 33.Qxd7 b5 34.Rxb5+  1-0

[Event "JUG-chT Cetinje"]
[Site "Cetinje"]
[Date "1990.??.??"]
[Round "5"]
[White "Djuric, Stefan"]
[Black "Drasko, Milan"]
[Result "1/2-1/2"]
[WhiteElo "2495"]
[BlackElo "2445"]

1.c4 e5 2.g3 c6 3.Bg2 d5 4.Qa4 d4 5.d3 Bd6 6.Nf3 Nd7 7.O-O a5 8.e3 dxe3 9.Bxe3 Ne7
10.Nc3 Nf5 11.Ne4 Be7 12.Bd2 O-O 13.Bc3 f6 14.b4 Nb6 15.Qb3 axb4 16.Bxb4 Bxb4
17.Qxb4 Nd4 18.Rab1 Na4 19.Nxd4 Qxd4 20.Rb3 f5 21.Ng5 Nc5 22.Nf3 Qd6 23.Ra3 Rxa3
24.Qxa3 Rd8 25.Rd1 e4 26.Ne1 exd3 27.Nxd3 f4 28.Re1 Nxd3 29.Qxd6 Rxd6 30.Re8+ Kf7
31.Rxc8 Nc5 32.Bd5+ cxd5 33.Rxc5 fxg3 34.hxg3 dxc4 35.Rxc4 Rd2  1/2-1/2

[Event "Cheliabinsk-B"]
[Site "Cheliabinsk"]
[Date "1990.??.??"]
[Round "?"]
[White "Vaulin, Alexander"]
[Black "Garkov, Mitko"]
[Result "1-0"]
[WhiteElo "2450"]
[BlackElo "2315"]

1.c4 e5 2.g3 Nf6 3.Bg2 Be7 4.Nf3 d6 5.O-O O-O 6.Nc3 Nbd7 7.d4 Re8 8.d5 a5
9.e4 Nc5 10.Qc2 Bd7 11.Be3 Bf8 12.h3 c6 13.dxc6 Bxc6 14.Nd2 Rc8 15.Rfd1 b6
16.b3 Qc7 17.a3 Qb7 18.b4 axb4 19.axb4 Ne6 20.Qd3 Ra8 21.Nd5 Nd7 22.Bf1 h6
23.Kh2 Kh8 24.Nf3 g6 25.Nd2 Bg7 26.Nb3 Ba4 27.Rdc1 Bxb3 28.Qxb3 Nd4 29.Qd1 Nf8
30.Bg2 Nfe6 31.Rxa8 Rxa8 32.Ra1 Rxa1 33.Qxa1 Nc7 34.Qa4 Nxd5 35.Qe8+ Kh7
36.cxd5 Qc7 37.h4 h5 38.Bg5 f6 39.Be3 Qc4 40.b5 Qxb5 41.Qxb5 Nxb5 42.Bxb6 Bf8
43.Bh3 Be7 44.Kg2 Kg7 45.Bd7 Nd4 46.Be8 Nb3 47.f3 Nc5 48.Kf2 Nb7 49.Ke3 Bd8
50.Bxd8 Nxd8 51.Kd3 Nf7 52.Kc4 f5 53.Kb5 f4 54.gxf4 exf4 55.Bxf7 Kxf7 56.Kc6 g5
57.hxg5 h4 58.e5 h3 59.exd6 h2 60.d7 h1=Q 61.d8=Q Qc1+ 62.Kd7 Qc4 63.Qf6+ Kg8
64.d6 Qb5+ 65.Ke7 Qb4 66.Qg6+ Kh8 67.Kf8  1-0

[Event "Cheliabinsk-A"]
[Site "Cheliabinsk"]
[Date "1990.??.??"]
[Round "?"]
[White "Makarov, Marat"]
[Black "Meister, Yakov"]
[Result "0-1"]
[WhiteElo "2480"]
[BlackElo "2415"]

1.c4 e5 2.g3 Nf6 3.Bg2 d5 4.cxd5 Nxd5 5.Nc3 Nb6 6.Nf3 Nc6 7.O-O Be7 8.a3 O-O
9.b4 Re8 10.Rb1 Bf8 11.d3 Nd4 12.Nd2 c6 13.e3 Ne6 14.Nb3 Nd5 15.Bb2 f6 16.Qc2 Nxc3
17.Bxc3 Ng5 18.h4 Nf7 19.d4 exd4 20.Bxd4 Bg4 21.Be4 h6 22.Bg2 Nd6 23.Nc5 Qe7
24.f3 Bh5 25.e4 Bf7 26.Bf2 Nc4 27.Ra1 Rad8 28.Nb3 Qc7 29.Rfc1 Rd7 30.Qc3 Red8
31.Bf1 Ne5 32.Nc5 Rd2 33.Be1 Bxc5+ 34.bxc5 R2d3 35.Bxd3 Rxd3 36.Qb4 Nxf3+
37.Kg2 Qe5 38.Rd1 Rb3 39.Qa5 Qxe4 40.Qd8+ Kh7  0-1

[Event "Cheliabinsk-B"]
[Site "Cheliabinsk"]
[Date "1990.??.??"]
[Round "?"]
[White "Vaulin, Alexander"]
[Black "Zivkovic, Dragan"]
[Result "1/2-1/2"]
[WhiteElo "2450"]
[BlackElo "2320"]

1.c4 e5 2.g3 g6 3.Bg2 Bg7 4.Nc3 d6 5.Nf3 Nf6 6.d4 Nbd7 7.O-O h6 8.dxe5 dxe5
9.Be3 O-O 10.h3 c6 11.Qc1 Kh7 12.b4 Re8 13.Nd2 Nb6 14.Rd1 Qc7 15.Nce4 Nxe4
16.Nxe4 Be6 17.Nd6 Red8 18.c5 Nc4  1/2-1/2

[Event "Clichy"]
[Site "Clichy"]
[Date "1990.??.??"]
[Round "6"]
[White "Gilles, Raphael"]
[Black "Papacek, Stepan"]
[Result "0-1"]
[WhiteElo "2200"]
[BlackElo "2320"]

1.g3 e5 2.c4 Nf6 3.Bg2 d5 4.cxd5 Nxd5 5.Nc3 Nb6 6.Nf3 Nc6 7.O-O Be7 8.d3 O-O
9.a4 a5 10.Be3 Be6 11.Rc1 f5 12.Nb5 Bf6 13.Bxb6 cxb6 14.Nd2 Rf7 15.Bxc6 bxc6
16.Rxc6 Bd5 17.Rd6 Rd7 18.Nc4 Rxd6 19.Nbxd6 f4 20.e4 Be6 21.Qf3 fxg3 22.fxg3 Ra7
23.Nf5 Kh8 24.b3 Rd7 25.Rd1 b5 26.Ncd6 g6 27.Rc1 Bg8 28.axb5 gxf5  0-1

[Event "Dieren op"]
[Site "Dieren"]
[Date "1990.??.??"]
[Round "5"]
[White "Sehner, Norbert"]
[Black "Jolles, Hajo"]
[Result "1-0"]
[WhiteElo "2420"]
[BlackElo "2275"]

1.c4 e5 2.g3 Nf6 3.Bg2 d5 4.cxd5 Nxd5 5.Nf3 Nc6 6.d3 Be7 7.a3 O-O 8.O-O Re8
9.b4 a5 10.bxa5 Rxa5 11.Bb2 Bf8 12.Nbd2 Nb6 13.Qc2 Bg4 14.Nb3 Ra6 15.d4 exd4
16.Nfxd4 Nxd4 17.Nxd4 c6 18.Nf3 Bh5 19.Rfe1 Qd5 20.e4 Qc4 21.Qb1 Qa4 22.Ne5 Bd6
23.Qd3 Bxe5 24.Bxe5 Qc4 25.Qd2 Qe6 26.Bd4 Nc4 27.Qb4 b5 28.Qc5 Ne5 29.Re3 Qc4
30.Rc1 Qxc5 31.Rxc5 f6 32.Rec3 Be2 33.Bxe5 fxe5 34.Rxc6 Rxc6 35.Rxc6 Ra8
36.Bf1 Bf3 37.Rc3 b4 38.Rxf3 bxa3 39.Bc4+ Kh8 40.Ba2  1-0

[Event "ESP-chT"]
[Site "?"]
[Date "1990.??.??"]
[Round "?"]
[White "Bofill, Alejandro"]
[Black "Sion Castro, Marcelino"]
[Result "0-1"]
[WhiteElo "2380"]
[BlackElo "2365"]

1.c4 e5 2.g3 f5 3.Bg2 Nf6 4.Nf3 Nc6 5.O-O g6 6.Nc3 Bg7 7.d4 e4 8.Ne1 O-O
9.d5 Ne5 10.b3 c5 11.Bb2 d6 12.Nc2 a6 13.Qd2 Bd7 14.f4 exf3 15.exf3 f4 16.gxf4 Bh6
17.Ne3 Bxf4 18.Ne2 Nh5 19.Nxf4 Nxf4 20.Ng4 Qg5 21.Kh1 Bxg4 22.fxg4 Qxg4 23.Be4 Ne2
24.Qe3 Ng3+ 25.hxg3 Qh3+ 26.Kg1 Ng4 27.Qe2 Qxg3+ 28.Qg2 Qe3+ 29.Kh1 Rf2 30.Rxf2 Nxf2+
31.Kh2 Nxe4 32.Rf1 Rf8 33.Bc1 Qf2 34.Rxf2 Rxf2 35.Bf4 Rxg2+ 36.Kxg2 g5 37.Bh2 g4
38.a3 Kf7 39.b4 Ke7 40.bxc5 dxc5 41.Bf4 Nd6 42.Bxd6+ Kxd6 43.a4 b5  0-1

[Event "Arnold Cup"]
[Site "Gausdal"]
[Date "1990.??.??"]
[Round "1"]
[White "Degerman, Lars"]
[Black "Thorsteins, Karl"]
[Result "1/2-1/2"]
[WhiteElo "2385"]
[BlackElo "2455"]

1.c4 e5 2.g3 Nc6 3.Bg2 g6 4.Nc3 Bg7 5.Nf3 f5 6.O-O Nf6 7.d3 O-O 8.Rb1 a5
9.a3 h6 10.b4 axb4 11.axb4 d6 12.b5 Ne7 13.c5 Nd7 14.cxd6 cxd6 15.Qb3+ Kh7
16.Ba3 Nc5 17.Bxc5 dxc5 18.Na4 e4 19.dxe4 fxe4 20.Nh4 Nf5 21.Nxf5 Bxf5 22.Nxc5 e3
23.Rbd1 exf2+ 24.Kh1 Qe7 25.Nxb7 Be4 26.Nd6 Bxg2+ 27.Kxg2 Qxe2 28.Qd3 Qxd3
29.Rxd3 Rad8 30.Rd2 Be5  1/2-1/2

[Event "Arnold Cup"]
[Site "Gausdal"]
[Date "1990.??.??"]
[Round "3"]
[White "Karlsson, Lars"]
[Black "Backelin, Rikard"]
[Result "0-1"]
[WhiteElo "2520"]
[BlackElo "2230"]

1.c4 e5 2.g3 c6 3.d4 exd4 4.Qxd4 d5 5.Bg2 Be6 6.cxd5 cxd5 7.Nf3 Nc6 8.Qa4 Bc5
9.O-O Nf6 10.Nbd2 O-O 11.Nb3 Bb6 12.Nbd4 Rc8 13.Be3 Bd7 14.Qd1 Re8 15.Nxc6 bxc6
16.Bd4 c5 17.Bxf6 Qxf6 18.Qxd5 Bb5 19.Qg5 Qxg5 20.Nxg5 Bxe2 21.Rfc1 c4 22.Bd5 Re5
23.Bxf7+ Kf8 24.Be6 Rc6 25.Re1 Rcxe6 26.Nxe6+ Rxe6 27.Kg2 Ba5 28.Rec1 Bd3
29.Rd1 Re2 30.b3 Bb6 31.bxc4 Rxf2+ 32.Kh3 Bxc4 33.a4 Be6+ 34.g4 h5 35.Kg3 Bxg4
36.a5 Rf3+ 37.Kg2 Rf2+ 38.Kg3 Rf3+ 39.Kg2 Bc5 40.h3 Rf2+ 41.Kg3  0-1